Sastera dan ILMU Sastera : (Record no. 183586)
[ view plain ]
| 000 -LEADER | |
|---|---|
| fixed length control field | 01435cam a2200433 i 4500 |
| 001 - CONTROL NUMBER | |
| control field | vtls000225020 |
| 003 - CONTROL NUMBER IDENTIFIER | |
| control field | PNM |
| 005 - DATE AND TIME OF LATEST TRANSACTION | |
| control field | 20210421121407.0 |
| 008 - FIXED-LENGTH DATA ELEMENTS--GENERAL INFORMATION | |
| fixed length control field | 961023t19951995my e a000 0 may |
| 020 ## - INTERNATIONAL STANDARD BOOK NUMBER | |
| International Standard Book Number | 9836244956 |
| Qualifying information | paperback |
| 039 #9 - LEVEL OF BIBLIOGRAPHIC CONTROL AND CODING DETAIL [OBSOLETE] | |
| Level of rules in bibliographic description | 201912101547 |
| Level of effort used to assign nonsubject heading access points | faezah |
| Level of effort used to assign subject headings | 201912101537 |
| Level of effort used to assign classification | faezah |
| Level of effort used to assign subject headings | 200509011428 |
| Level of effort used to assign classification | fatimah |
| 040 ## - CATALOGING SOURCE | |
| Original cataloging agency | BNM |
| Language of cataloging | eng |
| Transcribing agency | BNM |
| Modifying agency | PNM |
| -- | PPAK |
| Description conventions | rda |
| 049 ## - LOCAL HOLDINGS (OCLC) | |
| Holding library | malpma |
| 082 04 - DEWEY DECIMAL CLASSIFICATION NUMBER | |
| Classification number | 899.2309 |
| Edition number | 22 |
| 090 00 - LOCALLY ASSIGNED LC-TYPE CALL NUMBER (OCLC); LOCAL CALL NUMBER (RLIN) | |
| Classification number (OCLC) (R) ; Classification number, CALL (RLIN) (NR) | 899.2309 |
| Feature heading | TEE |
| Feature heading | KAO |
| 100 1# - MAIN ENTRY--PERSONAL NAME | |
| Personal name | Teeuw, A., |
| Fuller form of name | (Andries Teeuw) |
| Dates associated with a name | 1921- |
| Relator term | author. |
| 245 10 - TITLE STATEMENT | |
| Title | Sastera dan ILMU Sastera : |
| Remainder of title | Pengantar Teori Sastera / |
| Statement of responsibility, etc. | A. TEEUW |
| 264 #1 - PRODUCTION, PUBLICATION, DISTRIBUTION, MANUFACTURE, AND COPYRIGHT NOTICE | |
| Place of production, publication, distribution, manufacture | Kuala Lumpur : |
| Name of producer, publisher, distributor, manufacturer | Dewan Bahasa dan Pustaka, |
| Date of production, publication, distribution, manufacture, or copyright notice | 1995 |
| Date of production, publication, distribution, manufacture, or copyright notice | ©1995 |
| 300 ## - PHYSICAL DESCRIPTION | |
| Extent | xx, 376 pages ; |
| Dimensions | 21 cm |
| 336 ## - CONTENT TYPE | |
| Content type term | text |
| Source | rdacontent |
| 337 ## - MEDIA TYPE | |
| Media type term | unmediated |
| Source | rdamedia |
| 338 ## - CARRIER TYPE | |
| Carrier type term | volume |
| Source | rdacarrier |
| 500 ## - GENERAL NOTE | |
| General note | Includes index. |
| 504 ## - BIBLIOGRAPHY, ETC. NOTE | |
| Bibliography, etc. note | Bibliography: pages 349-365. |
| 650 10 - SUBJECT ADDED ENTRY--TOPICAL TERM | |
| Topical term or geographic name entry element | Literature |
| General subdivision | History and criticism |
| Topical term or geographic name entry element | Literature |
| General subdivision | Philosophy |
| Topical term or geographic name entry element | Literature, Comparative |
| General subdivision | History and criticism |
| Topical term or geographic name entry element | Semiotics and literature |
| Topical term or geographic name entry element | Malay literature |
| General subdivision | History and criticism |
| 942 ## - ADDED ENTRY ELEMENTS (KOHA) | |
| Source of classification or shelving scheme | Dewey Decimal Classification |
| Koha item type | Book |
| 949 ## - LOCAL PROCESSING INFORMATION (OCLC) | |
| 6 | 2000137188 |
| a | 899.2309 TEE M |
| 6 | 2000137190 |
| a | 899.2309 TEE M |
| 6 | 1000297565 |
| 9 | 830366 |
| 6 | 1000297564 |
| 9 | 830365 |
| 6 | 1000297563 |
| 9 | 830364 |
| 6 | 1000297566 |
| 9 | 830367 |
| s | 6700:20070726 |
| a | TS 0004 TEE KP |
| e | 2543317 |
| Withdrawn | Not for loan | Current library | Shelving location | Date acquired | Total Checkouts | Full call number | Barcode | Date last seen | Koha item type |
|---|---|---|---|---|---|---|---|---|---|
| Not For Loan | Perpustakaan Jitra | Koleksi Asmah Haji Omar | 26/07/2021 | KAO 899.2309 TEE | KAO000004 | 26/07/2021 | Book |